[Event "Titled Tuesday intern op 09th Feb"]
[Site "Chess.com INT"]
[Date "2021.02.09"]
[Round "5"]
[White "Lizlov, Alexey"]
[Black "Leiva Rodriguez, Jeammarco Giuseppe"]
[Result "0-1"]
[WhiteElo "2304"]
[BlackElo "2391"]
[PlyCount "92"]
[EventDate "2021.02.09"]
[EventType "swiss (blitz)"]
[EventRounds "11"]
[EventCountry "USA"]
[SourceTitle "EXT 2022"]
[Source "ChessBase"]
[SourceDate "2021.10.06"]
[SourceVersion "1"]
[SourceVersionDate "2021.10.06"]
[SourceQuality "1"]

1. e4 c5 2. Nf3 d6 3. c3 Nf6 4. Qb3 Nbd7 5. d3 Qc7 6. Na3 a6 7. Be2 b5 8. 0-0 Bb7 9. Bf4 g6 10. c4 b4 11. Nc2 a5 12. Ne3 Bg7 13. Nd5 Nxd5 14. exd5 0-0 15. Rab1 e6 16. dxe6 fxe6 17. Bg3 h6 18. Qd1 e5 19. Nd2 Rae8 20. Bf3 Nf6 21. Ne4 Nh7 22. Re1 h5 23. h3 Bh6 24. Qe2 Kg7 25. Rbd1 Rf7 26. Nd2 Bxd2 27. Bxb7 Bxe1 28. Bd5 Bxf2+ 29. Bxf2 Ref8 30. Be3 Rf5 31. Be4 Qf7 32. Bxf5 Qxf5 33. Rf1 Qxf1+ 34. Qxf1 Rxf1+ 35. Kxf1 a4 36. b3 axb3 37. axb3 Kf6 38. Ke2 Nf8 39. Kf3 Ne6 40. Ke4 Nc7 41. Bh6 Ke6 42. Bf8 Na6 43. g4 hxg4 44. hxg4 Nb8 45. Bh6 Nc6 46. Be3 Na5 0-1

[Event "Titled Tuesday intern op 09th Feb"]
[Site "Chess.com INT"]
[Date "2021.02.09"]
[Round "2"]
[White "Lizlov, Alexey"]
[Black "Moreira, Ronaldo Alonso"]
[Result "1-0"]
[WhiteElo "2304"]
[BlackElo "2088"]
[PlyCount "69"]
[EventDate "2021.02.09"]
[EventType "swiss (blitz)"]
[EventRounds "11"]
[EventCountry "USA"]
[SourceTitle "EXT 2022"]
[Source "ChessBase"]
[SourceDate "2021.10.06"]
[SourceVersion "1"]
[SourceVersionDate "2021.10.06"]
[SourceQuality "1"]

1. e4 e6 2. Nf3 d5 3. Nc3 Nf6 4. Qe2 d4 5. Nb1 c5 6. d3 Nc6 7. g3 e5 8. Bg2 Be7 9. h3 0-0 10. 0-0 h6 11. Nh4 Nh7 12. Nf5 Bxf5 13. exf5 Bf6 14. Nd2 Re8 15. Bxc6 bxc6 16. Ne4 Qd5 17. b3 Ng5 18. Bxg5 Bxg5 19. Qg4 Bd8 20. h4 f6 21. Kh2 Be7 22. Rg1 Qf7 23. Qf3 Kh7 24. g4 Rac8 25. Rg3 Rf8 26. Rag1 Kh8 27. Kg2 Rc7 28. Kf1 Rcc8 29. Ke2 Kh7 30. a4 Rcd8 31. Rh3 Rb8 32. Ng3 Kg8 33. Qxc6 Rfc8 34. Qf3 c4 35. dxc4 1-0

[Event "Titled Tuesday intern op 09th Feb"]
[Site "Chess.com INT"]
[Date "2021.02.09"]
[Round "7"]
[White "Vysochin, Spartak"]
[Black "Lizlov, Alexey"]
[Result "1-0"]
[WhiteElo "2503"]
[BlackElo "2304"]
[PlyCount "69"]
[EventDate "2021.02.09"]
[EventType "swiss (blitz)"]
[EventRounds "11"]
[EventCountry "USA"]
[SourceTitle "EXT 2022"]
[Source "ChessBase"]
[SourceDate "2021.10.06"]
[SourceVersion "1"]
[SourceVersionDate "2021.10.06"]
[SourceQuality "1"]

1. e4 c5 2. c3 e5 3. Nf3 Nc6 4. Bc4 d6 5. 0-0 Be7 6. d4 Nf6 7. Re1 0-0 8. h3 cxd4 9. cxd4 a6 10. Nc3 b5 11. Bb3 Bb7 12. Bg5 h6 13. Bh4 b4 14. Na4 Rc8 15. Rc1 Nxd4 16. Nxd4 Rxc1 17. Qxc1 exd4 18. Qc4 d5 19. exd5 Bxd5 20. Qxd4 Bxb3 21. Qxd8 Rxd8 22. axb3 Kf8 23. Nb6 Nd5 24. Nxd5 Bxh4 25. Nxb4 Rd6 26. g3 Bf6 27. Ra1 Bxb2 28. Rxa6 Rd2 29. Nc6 g6 30. Ra2 Kg7 31. Kg2 h5 32. Ne5 Bc3 33. Rxd2 Bxd2 34. Kf3 Kf6 35. Nd3 1-0

[Event "Titled Tuesday intern op 02nd Feb"]
[Site "Chess.com INT"]
[Date "2021.02.02"]
[Round "9"]
[White "Aliavdin, Nikolai"]
[Black "Lizlov, Alexey"]
[Result "1-0"]
[WhiteElo "2315"]
[BlackElo "2304"]
[PlyCount "41"]
[EventDate "2021.02.02"]
[EventType "swiss (blitz)"]
[EventRounds "11"]
[EventCountry "USA"]
[SourceTitle "CBM 200 Extra"]
[Source "ChessBase"]
[SourceDate "2021.03.31"]
[SourceVersion "1"]
[SourceVersionDate "2021.03.31"]
[SourceQuality "1"]

1. e4 c5 2. Nc3 Nc6 3. d3 g6 4. Be3 d6 5. Qd2 Bg7 6. Nge2 Nf6 7. Bh6 0-0 8. Bxg7 Kxg7 9. h4 h6 10. d4 cxd4 11. Nxd4 Qb6 12. Nb3 a5 13. a4 Be6 14. Bb5 Rfd8 15. 0-0-0 Rac8 16. Kb1 Ne5 17. Nd4 Rxc3 18. Qxc3 Nxe4 19. Qe3 Nf6 20. Nxe6+ fxe6 21. Qxb6 1-0